• 首页
  • 本馆介绍
  • 公告通知
  • 最新文献
  • 馆藏检索
  • 电子资源
  • 读者导购
  • 参考咨询
  • 我的图书馆
  • 登录
  • 详细信息显示
  • 放入我的书架
  • 预约/预借图书
  • 作者相关作品
  • 分类相关作品
  • 丛书相关作品
  • 出版社相关作品

书目信息

  • 表格格式
  • 工作单格式
  • 卡片格式
题名:
网络信息安全技术概论
    
 
作者: 吕林涛 主编
分册:  
出版信息: 北京   科学出版社  2010.5
页数: 11,327页
开本: 26cm
丛书名:
单 册:
中图分类: TP393.08
科图分类:
主题词: 计算机网络--安全技术--高等教育--教材 , 计算机网络 , 安全技术
电子资源:
ISBN: 978-7-03-027380-2
000 01117nam0 2200277 450
001 0400001704
005 20171025165630.23
010    @a978-7-03-027380-2@dCNY35.00
100    @a20100805e20162010em y0chiy50 ea
101 0  @achi
102    @aCN@b110000
105    @aa z 000yy
106    @ar
200 1  @a网络信息安全技术概论@9wang luo xin xi an quan ji shu gai lun@f吕林涛主编
205    @a第2版
210    @a北京@c科学出版社@d2010.5@h2016.1
215    @a11,327页@c图@d26cm
300    @a普通高等教育“十一五”规划教材
330    @a本书系统介绍了计算机网络信息安全的基本理论和关键技术。内容包括:网络安全的基本概念、安全标准和网络安全防护体系、数据加密技术、密钥管理技术、数字签名和认证技术、黑客技术、漏洞扫描技术、入侵检测技术、Internet的基础设施安全技术、防火墙技术、计算机病毒与恶意代码的防治、基于生物特征的身份认证技术、信息隐藏技术和网络信息审计技术等。
606 0  @a计算机网络@x安全技术@x高等教育@j教材
606 0  @a计算机网络
606 0  @a安全技术
690    @aTP393.08@v4
701  0 @a吕林涛@9lv lin tao@4主编
801  0 @aCN@b91MARC@c20171019
905    @b1030286-90@dTP393.08@f5@e1009=2
    
    网络信息安全技术概论/吕林涛主编.-第2版.-北京:科学出版社,2010.5(2016.1)
    11,327页:图;26cm
    普通高等教育“十一五”规划教材
    
    ISBN 978-7-03-027380-2:CNY35.00
    本书系统介绍了计算机网络信息安全的基本理论和关键技术。内容包括:网络安全的基本概念、安全标准和网络安全防护体系、数据加密技术、密钥管理技术、数字签名和认证技术、黑客技术、漏洞扫描技术、入侵检测技术、Internet的基础设施安全技术、防火墙技术、计算机病毒与恶意代码的防治、基于生物特征的身份认证技术、信息隐藏技术和网络信息审计技术等。
●
相关链接 在E读中查询图书 在五车中查询图书 在当当中查询图书 在豆瓣中查询图书


正题名:网络信息安全技术概论     索取号:TP393.08/1009=2         预约/预借

序号 登录号 条形码 馆藏地/架位号 状态 备注
1 1030286   210302867   第二样本阅览室/ [索取号:TP393.08/1009=2] 在馆    
2 1030287   210302876   密集书库—计算机科学学院/ [索取号:TP393.08/1009=2] 在馆    
3 1030288   210302885   第三借阅区/ [索取号:TP393.08/1009=2] 在馆    
4 1030289   210302894   第三借阅区/ [索取号:TP393.08/1009=2] 在馆    
5 1030290   210302901   第三借阅区/ [索取号:TP393.08/1009=2] 在馆    
唐山师范学院图书馆 欢迎您!
大连网信软件有限公司© 版权所有